Adatok árszabályzatunk történetéhez
Elmentve itt :
| Szerző: | |
|---|---|
| Dokumentumtípus: | Cikk |
| Megjelent: |
1894
|
| Sorozat: | Magyar gazdaságtörténelmi szemle
1 |
| Kulcsszavak: | Közgazdaságtudomány, Gazdaságtörténet |
| Online Access: | http://misc.bibl.u-szeged.hu/56 |
| LEADER | 00602nab a2200169 i 4500 | ||
|---|---|---|---|
| 001 | misc56 | ||
| 005 | 20191106144321.0 | ||
| 008 | 170607s1894 hu o 0|| hun d | ||
| 040 | |a SZTE Miscellanea Repozitórium |b hun | ||
| 041 | |a hun | ||
| 100 | 1 | |a Lehoczky Tivadar | |
| 245 | 1 | 0 | |a Adatok árszabályzatunk történetéhez |h [elektronikus dokumentum] / |c Lehoczky Tivadar |
| 260 | |c 1894 | ||
| 300 | |a 345-356 | ||
| 490 | 0 | |a Magyar gazdaságtörténelmi szemle |v 1 | |
| 695 | |a Közgazdaságtudomány, Gazdaságtörténet | ||
| 856 | 4 | 0 | |u http://misc.bibl.u-szeged.hu/56/1/gazd_tort_szeml_1894_345-356.pdf |z Dokumentum-elérés |